Integration of social life with urban space syntax : shortened version of the Ph.D. Thesis = Integrování společenského života a urbánní prostorové syntaxe /

Hlavní autor: Mohammed, Najeh Mohammed
Korporativní autor: Vysoké učení technické v Brně. Ústav teorie
Jazyk: Angličtina
Vydáno: [V Brně : Vysoké učení technické], c2011
Edice: Vědecké spisy Vysokého učení technického v Brně. PhD Thesis, sv. 640
Témata:
Fyzický popis: 32 s. : il. ; 21 cm
Language note: České resumé
Knihy
Uloženo v:
LEADER 02576nam a2200625 a 4500
001 nkc20122276219
003 CZ PrNK
005 20120510112819.0
007 ta
008 120118s2011 xr a f m 000 0 eng
015 |a cnb002276219 
020 |a 978-80-214-4397-6  |q (brož.) 
035 |a (OCoLC)794207737 
040 |a BOA001  |b cze  |d ABA001 
041 0 |a eng  |b cze 
072 7 |a 71  |x Územní plánování. Urbanismus. Památková péče  |2 Konspekt  |9 21 
080 |a 911.375:316.4  |2 MRF 
080 |a 71  |2 MRF 
080 |a 72.012.2/.9  |2 MRF 
080 |a 159.937.52  |2 MRF 
080 |a 159.95:003.63  |2 MRF 
080 |a (043.3)  |2 MRF 
080 |a (048.3)  |2 MRF 
100 1 |a Mohammed, Najeh Mohammed  |7 mzk2012683582  |4 dis 
245 1 0 |a Integration of social life with urban space syntax :  |b shortened version of the Ph.D. Thesis = Integrování společenského života a urbánní prostorové syntaxe /  |c Najeh Mohammed Mohammed 
246 3 1 |a Integrování společenského života a urbánní prostorové syntaxe 
260 |a [V Brně :  |b Vysoké učení technické],  |c c2011 
300 |a 32 s. :  |b il. ;  |c 21 cm 
490 1 |a Vědecké spisy Vysokého učení technického v Brně. PhD Thesis,  |x 1213-4198 ;  |v sv. 640 
500 |a "Obor: Urbanismus" 
500 |a Zkrácená verze disertace (Ph.D.)--Vysoké učení technické v Brně, Fakulta architektury, Ústav teorie, 2011 
504 |a Obsahuje bibliografii 
546 |a České resumé 
650 0 7 |a urbanizace  |7 ph126946  |2 czenas 
650 0 7 |a územní plánování  |7 ph128364  |2 czenas 
650 0 7 |a prostor (architektura)  |7 ph138573  |2 czenas 
650 0 7 |a prostorové vnímání  |7 ph205122  |2 czenas 
650 0 7 |a myšlenkové mapy  |7 ph661767  |2 czenas 
650 0 9 |a urbanization  |2 eczenas 
650 0 9 |a town and country planning  |2 eczenas 
650 0 9 |a space (architecture)  |2 eczenas 
650 0 9 |a spatial perception  |2 eczenas 
650 0 9 |a mind maps  |2 eczenas 
655 7 |a disertace  |7 fd132024  |2 czenas 
655 7 |a teze  |7 fd133701  |2 czenas 
655 9 |a dissertations  |2 eczenas 
655 9 |a abstracts  |2 eczenas 
710 2 |a Vysoké učení technické v Brně.  |b Ústav teorie  |7 mzk2009508101 
810 2 |a Vysoké učení technické v Brně.  |t Vědecké spisy.  |p PhD Thesis  |0 s 
910 2 |a BOA001  |b 2-1279.320 
990 |a BK 
995 |a 01 
991 |b 201202  |c NOV  |e n 
996 6 |b 2610500512  |c 2-1279.320  |l MZK  |r Sklad / do 1 hodiny  |n 0  |p p.v.  |w 001224941  |u 000010  |a 1  |e BOA001  |j MZK50  |s P 
996 7 |b 2610500513  |c 2-1279.320  |l MZK  |r Sklad / do 1 hodiny  |n 1  |p p.v.  |w 001224941  |u 000020  |a 1  |e BOA001  |j MZK50  |s A